Formule 1 - Podiums des Grands Prix de la saison 2024 - Statistiques

Statistiques générales
  • Ce quiz a été pris 110 fois
  • Le résultat moyen est 57 sur 72
Statistiques - réponses
Grand Prix Vainqueur % Correct
Sakhir (Bahrein) - 2 mars 2024 Max Verstappen
99%
Sergio Perez
87%
Melbourne (Australie) - 24 mars 2024 Carlos Sainz
86%
Djeddah (Arabie saoudite) - 9 mars 2024 Max Verstappen
86%
Mexico (Mexique) - 27 octobre 2024 Carlos Sainz
83%
Monaco (Monaco) - 26 mai 2024 Charles Leclerc
83%
Charles Leclerc
83%
Miami (États-Unis) - 5 mai 2024 Lando Norris
83%
Imola (Émilie-Romagne/Italie) - 19 mai 2024 Max Verstappen
83%
Montréal (Canada) - 9 juin 2024 Max Verstappen
83%
Carlos Sainz
82%
Austin (États-Unis) - 20 octobre 2024 Charles Leclerc
82%
Lando Norris
82%
Silverstone (Grande-Bretagne) - 7 juillet 2024 Lewis Hamilton
82%
Suzuka (Japon) - 7 avril 2024 Max Verstappen
82%
Barcelone (Espagne) - 23 juin 2024 Max Verstappen
82%
São Paulo (Brésil) - 3 novembre 2024 Max Verstappen
82%
Monza (Italie) - 1 septembre 2024 Charles Leclerc
81%
Charles Leclerc
81%
Esteban Ocon
81%
Spielberg (Autriche) - 30 juin 2024 George Russell
81%
Las Vegas (États-Unis) - 23 novembre 2024 George Russell
81%
Zandvoort (Pays-Bas) - 25 août 2024 Lando Norris
81%
Abou Dabi (Émirats arabes unis) - 8 décembre Lando Norris
81%
Spa-Francorchamps (Belgique) - 28 juillet 2024 Lewis Hamilton
81%
Shangaï (Chine) - 21 avril 2024 Max Verstappen
81%
Budapest (Hongrie) - 21 juillet 2024 Oscar Piastri
81%
Oscar Piastri
81%
Sergio Perez
81%
Carlos Sainz
80%
Charles Leclerc
80%
Singapour (Singapour) - 22 septembre 2024 Lando Norris
80%
Losail (Qatar) - 1 décembre 2024 Max Verstappen
80%
Max Verstappen
80%
Bakou (Azerbaïdjan) - 15 septembre 2024 Oscar Piastri
80%
Pierre Gasly
80%
Carlos Sainz
79%
Carlos Sainz
79%
Charles Leclerc
79%
Lando Norris
79%
Charles Leclerc
77%
Lando Norris
77%
Lewis Hamilton
77%
Max Verstappen
77%
Oscar Piastri
77%
Sergio Perez
77%
Carlos Sainz
76%
Carlos Sainz
76%
Carlos Sainz
76%
Charles Leclerc
76%
Charles Leclerc
76%
Charles Leclerc
76%
George Russell
76%
George Russell
76%
Lando Norris
76%
Lando Norris
76%
Lando Norris
76%
Lando Norris
76%
Lando Norris
76%
Lewis Hamilton
76%
Max Verstappen
76%
Max Verstappen
76%
Oscar Piastri
76%
Oscar Piastri
76%
Oscar Piastri
76%
Charles Leclerc
75%
Lando Norris
75%
Lewis Hamilton
75%
Max Verstappen
75%
Oscar Piastri
75%
Sergio Perez
75%
Charles Leclerc
74%
Aucun quiz correspondant
Distribution des résultats
% des personnes avec chaque résultat
Percentile par nombre de réponses
Votre historique - résultats
Vous n’avez pas pris ce quiz